• 首页
  • 本馆介绍
  • 公告通知
  • 最新文献
  • 馆藏检索
  • 电子资源
  • 读者导购
  • 参考咨询
  • 我的图书馆
  • 登录
  • 详细信息显示
  • 放入我的书架
  • 预约/预借图书
  • 作者相关作品
  • 分类相关作品
  • 丛书相关作品
  • 出版社相关作品

书目信息

  • 表格格式
  • 工作单格式
  • 卡片格式
题名:
铸工技术
    
 
作者: ;《铸工技术》编写组 编
分册: 下册  
出版信息: 北京   国防工业出版社  1973
页数: 280页
开本: 20cm
丛书名:
单 册:
中图分类: TG24
科图分类:
主题词: 铸造--工艺
电子资源:
ISBN:
000 00626nam0 2200217 450
001 0557710294
005 20051231160132.43
010    @dCNY0.55
100    @a20051130d1973 km y0chiy0120 ea
101 0  @achi
102    @aCN@b110000
102    @aCN@b110000
200 1  @a铸工技术@Azhu gong ji shu@h下册@f《铸工技术》编写组编@F《zhu gong ji shu》bian xie zu bian
210    @a北京@c国防工业出版社@d1973
215 1  @a280页@d20cm
300    @a工人普及读物
606 0  @a铸造@x工艺
690    @aTG24@v4
711  0 @a《铸工技术》编写组@A《zhu gong ji shu》bian xie zu@4编
801  0 @aCN@bPFT@c20051231
905    @a10447@dTG24@e3:2
    
    铸工技术.下册/《铸工技术》编写组编.-北京:国防工业出版社,1973
    280页;20cm
    工人普及读物
    
    ISBN :CNY0.55
    
●
相关链接 在E读中查询图书 在五车中查询图书 在当当中查询图书 在豆瓣中查询图书


正题名:铸工技术     索取号:TG24/3:2         预约/预借

序号 登录号 条形码 馆藏地/架位号 状态 备注
1 0016851   202184144   密集书库/ [索取号:TG24/3:2] 在馆    
唐山师范学院图书馆 欢迎您!
大连网信软件有限公司© 版权所有